Statistiques concernant Tous les entraineurs du RC LENS depuis 1969

Cliquez ici pour prendre le quiz!

Statistiques générales

  • Ce quiz a été pris 32 fois
  • Le résultat moyen est 13 sur 31

Statistiques - réponses

annéesréponses% Correct
2020- ...Franck Haise
100%
2007Guy Roux
81%
2013-2016Antoine Kombouaré
73%
1997-1999Daniel Leclercq
73%
2008-2010Jean-Guy Wallemme
73%
2018-2020Philippe Montanier
73%
2005-2007Francis Gillot
65%
2007-2008Jean Pierre Papin
65%
2016-2017Alain Casanova
62%
2017-2018Éric Sikora
62%
2012-2013Éric Sikora
62%
2001-2004Joël Muller
50%
2011Laszlo Bölöni
46%
2000-2001Rolland Courbis
46%
2011-2012Jean-Louis Garcia
42%
1969-1978Arnold Sowinski
31%
1979-1981Arnold Sowinski
31%
1988Sowinski
31%
1982-1985Gerard Houiller
27%
1978-1979Roger Lemerre
27%
1997Roger Lemerre
27%
1999-2000François Brisson
23%
2001Georges Tournay
23%
1996-1997Slavo Muslin
19%
1990-1992Arnaud Dos Santos
15%
1992-1996Patrice Bergues
15%
1989Philippe Redon
15%
1985-1988Joachim Marx
12%
1988-1989Jean Parisseaux
4%
1981-1982Jean Sérafin
4%
1989-1990Marcel Husson
4%

Distribution des résultats

Percentile par nombre de réponses

% des personnes avec chaque résultat

Votre développement - résultats

Vous n’avez pas pris ce quiz